书目信息 |
| 题名: |
当代中国贪污贿赂名案实录
|
|
| 作者: | 周其华 主编 | |
| 分册: | ||
| 出版信息: | 北京 中国检察出版社 1999.03 |
|
| 页数: | 778页 | |
| 开本: | 21cm | |
| 丛书名: | ||
| 单 册: | ||
| 中图分类: | D924.39 | |
| 科图分类: | ||
| 主题词: | 贪污--tan wu--案例--中国 , 贿赂--hui lu--案例--中国 | |
| 电子资源: | ||
| ISBN: | 7-80086-601-7 | |
| 000 | 00767nam0 2200229 450 | |
| 001 | 012007011654 | |
| 005 | 20080826133433.31 | |
| 010 | @a7-80086-601-7@dCNY39.80 | |
| 100 | @a20071011d1999 km y0chiy0120 ea | |
| 101 | 0 | @achi |
| 102 | @aCN@b110000 | |
| 105 | @ay z 000yy | |
| 200 | 1 | @a当代中国贪污贿赂名案实录@Adang dai zhong guo tan wu hui lu ming an shi lu@f周其华主编@Fzhou qi hua zhu bian |
| 210 | @a北京@c中国检察出版社@d1999.03 | |
| 215 | @a778页@d21cm | |
| 330 | @a本书共分为上、下两编介绍了:依法惩治的贪污贿赂犯罪名案,疑难贪污贿赂案,疑难挪用公款案等内容。 | |
| 606 | 0 | @a贪污@Atan wu@x案例@y中国 |
| 606 | 0 | @a贿赂@Ahui lu@x案例@y中国 |
| 690 | @aD924.39@v4 | |
| 701 | 0 | @a周其华@Azhou qi hua@4主编 |
| 801 | 0 | @aCN@c20080826 |
| 905 | @dD924.39@eZ782 | |
| 当代中国贪污贿赂名案实录/周其华主编.-北京:中国检察出版社,1999.03 |
| 778页;21cm |
| ISBN 7-80086-601-7:CNY39.80 |
| 本书共分为上、下两编介绍了:依法惩治的贪污贿赂犯罪名案,疑难贪污贿赂案,疑难挪用公款案等内容。 |
| ● |
| 相关链接 |
|
|
|
正题名:当代中国贪污贿赂名案实录
索取号:D924.39/Z782
 
预约/预借
| 序号 | 登录号 | 条形码 | 馆藏地/架位号 | 状态 | 备注 |
| 1 | 714029 | 207140299 | 社科库509/509社科库 99排1列6层/ [索取号:D924.39/Z782] | 在馆 | |
| 2 | 714030 | 207140306 | 社科库509/509社科库 99排1列6层/ [索取号:D924.39/Z782] | 在馆 | |
| 3 | 714031 | 207140315 | 社科库509/509社科库 99排1列6层/ [索取号:D924.39/Z782] | 在馆 |